| 000 | 00942cab a2200229 4500 | ||
|---|---|---|---|
| 001 | WB2806-46 | ||
| 008 | 090401t1992 xxu||||| |||| 00| 0 eng d | ||
| 035 | _a(Sirsi) u26895 | ||
| 041 | _aeng | ||
| 245 | _aFair rent equals market rent | ||
| 260 | _c1992 | ||
| 350 | _a0 | ||
| 490 |
_aCS Monthly : General Practice _v1(5) February 1992, 2(1) |
||
| 520 | _aDiscusses a recent law case "BTE Ltd v Merseyside and Cheshire Rent Assessment Committee and Mrs K Jones" which confirmed that where there is no scarcity of comparable properties available to let, the `fair rent` under a regulated tenancy should be at the same level as the rent achieved for the new assured tenancies. | ||
| 650 | _aASSURED TENANCIES | ||
| 650 | _aFAIR RENTS | ||
| 650 | _aMARKET RENT | ||
| 650 | _aREGULATED TENANCIES | ||
| 690 | _aPROPERTY-RESIDENTIAL PROPERTY-RESIDENTIAL LANDLORD AND TENANT-RESIDENTIAL TENANCIES | ||
| 942 | _n0 | ||
| 948 | _c04/03/1997 | ||
| 999 |
_c18118 _d18118 |
||